[Event "Klatovy op 22nd"]
[Site "Klatovy"]
[Date "2016.07.04"]
[Round "3"]
[White "Kantor, Jozef"]
[Black "Richter, Martin1"]
[Result "0-1"]
[WhiteElo "1880"]
[BlackElo "1966"]
[PlyCount "78"]
[EventDate "2016.07.02"]
[EventType "swiss"]
[EventRounds "9"]
[EventCountry "CZE"]
[SourceTitle "CBM 173 Extra"]
[Source "ChessBase"]
[SourceDate "2016.08.29"]
[SourceVersion "1"]
[SourceVersionDate "2016.08.29"]
[SourceQuality "1"]

1. e4 c5 2. Nc3 Nc6 3. g3 e6 4. Bg2 Nge7 5. Nf3 d5 6. d3 d4 7. Ne2 e5 8. 0-0 Ng6 9. Bg5 f6 10. Bd2 Bd6 11. c3 Be6 12. cxd4 cxd4 13. Ne1 0-0 14. f4 Bf7 15. Bh3 Qb6 16. Qc2 Rac8 17. Bxc8 Rxc8 18. Nf3 Nge7 19. Qa4 Bb4 20. Rfc1 Bxd2 21. Nxd2 Qxb2 22. Qc2 Qb5 23. Nb3 Nb4 24. Qd2 Nxd3 25. Rxc8+ Nxc8 26. Rd1 Nb4 27. fxe5 fxe5 28. Qg5 Nc6 29. Nf4 Nd6 30. Nh5 Bg6 31. Qg4 Nd8 32. Qg5 N8f7 33. Qg4 d3 34. Rc1 Qb6+ 35. Kf1 Nxe4 36. Nd4 Qxd4 37. Rc8+ Nd8 38. Qe6+ Bf7 39. Qf5 d2 0-1

[Event "Klatovy op"]
[Site "Klatovy"]
[Date "2014.07.01"]
[Round "4"]
[White "Marsalek, Zdenek"]
[Black "Kantor, Jozef"]
[Result "1-0"]
[WhiteElo "2267"]
[BlackElo "1877"]
[PlyCount "67"]
[EventDate "2014.06.28"]
[EventType "swiss"]
[EventRounds "9"]
[EventCountry "CZE"]
[SourceTitle "CBM 161 Extra"]
[Source "ChessBase"]
[SourceDate "2014.08.29"]
[SourceVersion "1"]
[SourceVersionDate "2014.08.29"]
[SourceQuality "1"]

1. d4 Nf6 2. Nf3 g6 3. g3 Bg7 4. Bg2 d6 5. h3 0-0 6. c4 c6 7. Nc3 Qc7 8. 0-0 e5 9. e4 Re8 10. Be3 Nbd7 11. Qc2 Nf8 12. Rad1 h6 13. Rfe1 N8h7 14. c5 dxc5 15. dxe5 Nd7 16. Qd2 Nxe5 17. Nxe5 Bxe5 18. Bxc5 Qa5 19. Be3 g5 20. f4 gxf4 21. gxf4 Bf6 22. Nd5 Bd8 23. Nc3 Qh5 24. Qe2 Qg6 25. Kh2 Nf6 26. Bf3 Kh8 27. Rg1 Qh7 28. Bd4 Bf5 29. Be5 Rxe5 30. fxe5 Bc7 31. exf5 Qxf5 32. Bg4 Bxe5+ 33. Kh1 Qf4 34. Qd2 1-0

[Event "Klatovy op"]
[Site "Klatovy"]
[Date "2014.06.28"]
[Round "1"]
[White "Kantor, Jozef"]
[Black "Gruettner, Ralf"]
[Result "0-1"]
[WhiteElo "1877"]
[BlackElo "2083"]
[PlyCount "82"]
[EventDate "2014.06.28"]
[EventType "swiss"]
[EventRounds "9"]
[EventCountry "CZE"]
[SourceTitle "CBM 161 Extra"]
[Source "ChessBase"]
[SourceDate "2014.08.29"]
[SourceVersion "1"]
[SourceVersionDate "2014.08.29"]
[SourceQuality "1"]

1. e4 e5 2. Nf3 Nc6 3. Bb5 a6 4. Ba4 Nf6 5. 0-0 b5 6. Bb3 Be7 7. Re1 0-0 8. c3 d5 9. exd5 Nxd5 10. Nxe5 Nxe5 11. Rxe5 c6 12. d4 Bd6 13. Rxd5 cxd5 14. Qh5 Re8 15. Be3 Be6 16. Nd2 g6 17. Qe2 Bc7 18. a4 Qd6 19. Nf1 Bd7 20. Qf3 Bc6 21. Ng3 bxa4 22. Bc2 Rab8 23. Ra2 Bb5 24. Ra1 Bc4 25. Bxa4 Re6 26. b4 a5 27. bxa5 Bxa5 28. Bf4 Qe7 29. h4 Bc7 30. Bg5 Qd6 31. Be3 Ra8 32. Bc1 Re1+ 33. Kh2 Rxc1 34. Rxc1 Rxa4 35. Re1 Ra8 36. Kg1 Qf4 37. Qd1 Qxh4 38. Re3 Bf4 39. Rf3 Re8 40. Qa1 Bd2 41. Ne2 Rxe2 0-1

[Event "Plzen op"]
[Site "Plzen"]
[Date "2012.08.25"]
[Round "9"]
[White "Pokorny, Jiri"]
[Black "Kantor, Jozef"]
[Result "0-1"]
[WhiteElo "1939"]
[BlackElo "1884"]
[PlyCount "72"]
[EventDate "2012.08.18"]
[EventType "swiss"]
[EventRounds "9"]
[EventCountry "CZE"]
[SourceTitle "CBM 150 Extra"]
[Source "ChessBase"]
[SourceDate "2012.10.19"]
[SourceVersion "1"]
[SourceVersionDate "2012.10.19"]
[SourceQuality "1"]

1. e4 c5 2. Nf3 d6 3. d4 cxd4 4. Nxd4 Nc6 5. Bc4 e6 6. Nc3 Nf6 7. 0-0 Be7 8. Bg5 0-0 9. Qd2 a6 10. Rad1 Ne8 11. Be3 Qc7 12. f4 Nf6 13. Nf3 b5 14. Bd3 Bb7 15. h3 b4 16. Ne2 Rfd8 17. g4 Na5 18. Qxb4 Rdc8 19. Bb6 Nc6 20. Qb3 Qd7 21. g5 Nh5 22. Bc4 Na7 23. Rd4 d5 24. Ne5 Qe8 25. exd5 exd5 26. Rxd5 Nc6 27. Nxf7 Nb4 28. Rd8 Bxd8 29. Nd6+ Kf8 30. Nxe8 Bxb6+ 31. Kh2 Bc5 32. a3 Rxe8 33. axb4 Re3 34. Qa4 Rae8 35. Nc3 Rg3 36. bxc5 Rg2+ 0-1

[Event "Plzen op"]
[Site "Plzen"]
[Date "2012.08.20"]
[Round "4"]
[White "Kantor, Jozef"]
[Black "Veselsky, Jan"]
[Result "1-0"]
[WhiteElo "1884"]
[BlackElo "1718"]
[PlyCount "85"]
[EventDate "2012.08.18"]
[EventType "swiss"]
[EventRounds "9"]
[EventCountry "CZE"]
[SourceTitle "CBM 150 Extra"]
[Source "ChessBase"]
[SourceDate "2012.10.19"]
[SourceVersion "1"]
[SourceVersionDate "2012.10.19"]
[SourceQuality "1"]

1. e4 c6 2. d4 d5 3. e5 Bf5 4. Nf3 e6 5. Nc3 c5 6. Bd3 Bxd3 7. Qxd3 Nc6 8. Bf4 Qb6 9. dxc5 Bxc5 10. 0-0 Nge7 11. a3 Ng6 12. Bg3 Be7 13. b4 0-0 14. h4 Rfd8 15. h5 Nf8 16. Rfe1 Rac8 17. Ne2 a5 18. c3 Nd7 19. Bf4 h6 20. Qd2 Bf8 21. g4 f6 22. Ng3 fxe5 23. Nxe5 Ncxe5 24. Bxe5 Nxe5 25. Rxe5 Rc6 26. Kg2 Be7 27. Rae1 Bf6 28. R5e3 Bg5 29. Qd3 Bxe3 30. Rxe3 Rf8 31. Ne2 Rc4 32. Nd4 axb4 33. axb4 Rf4 34. Qg6 Rf6 35. Qe8+ Kh7 36. f3 Qc7 37. Nxe6 Qf7 38. Nxg7 Qxg7 39. Re7 Rcf4 40. Rxg7+ Kxg7 41. Qd7+ Rf7 42. Qxd5 Rxf3 43. Qxf3 1-0

[Event "Plzen op 1st"]
[Site "Plzen"]
[Date "2009.12.09"]
[Round "6"]
[White "Kantor, Jozef"]
[Black "Hajek, Jiri2"]
[Result "0-1"]
[WhiteElo "1939"]
[BlackElo "1840"]
[PlyCount "98"]
[EventDate "2009.12.05"]
[EventType "swiss"]
[EventRounds "9"]
[EventCountry "CZE"]
[SourceTitle "CBM 133 Extra"]
[Source "ChessBase"]
[SourceDate "2010.01.05"]
[SourceVersion "1"]
[SourceVersionDate "2010.01.05"]
[SourceQuality "1"]

1. e4 g6 2. d4 Bg7 3. Nf3 d6 4. Nc3 Nf6 5. Be2 0-0 6. Bg5 h6 7. Be3 e5 8. h3 Nc6 9. d5 Ne7 10. Qd2 Kh7 11. 0-0-0 c6 12. g4 cxd5 13. exd5 e4 14. Nh2 Qa5 15. Bc4 Qc7 16. Bb3 Bd7 17. g5 hxg5 18. Bxg5 Neg8 19. Ng4 Bf5 20. Ne3 Bd7 21. h4 Nh5 22. Ne2 a5 23. c3 a4 24. Bc2 a3 25. b3 Rac8 26. Nc4 b5 27. Nxa3 Ra8 28. Nb1 Rxa2 29. Nf4 b4 30. Nxh5 bxc3 31. Qf4 Ra1 32. Bxe4 Qa5 33. Qxd6 Rxb1+ 34. Bxb1 Qa1 35. Rd3 Qb2+ 36. Kd1 Qxb1+ 37. Ke2 Bg4+ 38. f3 Qxh1 39. Nxg7 Qg2+ 40. Ke1 Kxg7 41. Qe5+ f6 42. Qc7+ Rf7 43. Qxc3 Bf5 44. Re3 Qg3+ 45. Kd2 Qd6 46. Re1 Qxd5+ 47. Kc1 Qd6 48. Kb2 Rc7 49. Qd2 Rc2+ 0-1

[Event "SVK-chT2D 0708"]
[Site "Slovakia"]
[Date "2007.10.07"]
[Round "2.5"]
[White "Kantor, Jozef"]
[Black "Kopnicky, Frantisek"]
[Result "0-1"]
[WhiteElo "1957"]
[BlackElo "1995"]
[PlyCount "84"]
[EventDate "2007.10.06"]
[EventType "team-tourn"]
[EventRounds "11"]
[EventCountry "SVK"]
[SourceTitle "EXT 2010"]
[Source "ChessBase"]
[SourceDate "2010.11.25"]
[SourceVersion "1"]
[SourceVersionDate "2010.11.25"]
[SourceQuality "1"]
[WhiteTeam "Kosice Slavia UPJS IV"]
[BlackTeam "Svit SO"]
[WhiteTeamCountry "SVK"]
[BlackTeamCountry "SVK"]

1. e4 c5 2. Nf3 Nc6 3. d4 cxd4 4. Nxd4 Nf6 5. Nc3 e5 6. Ndb5 d6 7. Nd5 Nxd5 8. exd5 Ne7 9. c4 Ng6 10. Be2 Be7 11. 0-0 0-0 12. Be3 a6 13. Nc3 f5 14. f3 f4 15. Bf2 Nh4 16. Re1 Nf5 17. Ne4 Bh4 18. Qd3 Bxf2+ 19. Kxf2 Qb6+ 20. Kf1 Ne3+ 21. Kg1 Bf5 22. Kh1 Rf6 23. Nxf6+ gxf6 24. Qd2 Nc2 25. Rac1 Nxe1 26. Rxe1 a5 27. b3 Re8 28. Bf1 Kf7 29. g3 Rg8 30. Kg2 h5 31. Rc1 fxg3 32. h3 Qc5 33. Kh1 h4 34. Ra1 Qc8 35. Qg2 Qc5 36. Qg1 Qb4 37. Bg2 b6 38. Re1 Qd2 39. a3 Bxh3 40. Bxh3 g2+ 41. Bxg2 h3 42. Re4 hxg2+ 0-1

[Event "SVK-chT2D 0708"]
[Site "Slovakia"]
[Date "2007.10.06"]
[Round "1.5"]
[White "Kantor, Jozef"]
[Black "Andras, Tomas"]
[Result "1-0"]
[WhiteElo "1957"]
[BlackElo "1947"]
[PlyCount "111"]
[EventDate "2007.10.06"]
[EventType "team-tourn"]
[EventRounds "11"]
[EventCountry "SVK"]
[SourceTitle "EXT 2010"]
[Source "ChessBase"]
[SourceDate "2010.11.25"]
[SourceVersion "1"]
[SourceVersionDate "2010.11.25"]
[SourceQuality "1"]
[WhiteTeam "Kosice Slavia UPJS IV"]
[BlackTeam "Kezmarok KdV II"]
[WhiteTeamCountry "SVK"]
[BlackTeamCountry "SVK"]

1. e4 e5 2. Nf3 Nc6 3. Bb5 a6 4. Ba4 Nf6 5. 0-0 Be7 6. Re1 b5 7. Bb3 0-0 8. c3 d5 9. d4 Bg4 10. Nbd2 dxe4 11. Nxe4 exd4 12. h3 Bxf3 13. Qxf3 Ne5 14. Qg3 Ng6 15. Bd2 c5 16. cxd4 c4 17. Bc2 Qxd4 18. Bc3 Qb6 19. Rad1 Rad8 20. Bd2 Nd5 21. Ng5 Bc5 22. h4 f5 23. Ne6 f4 24. Qf3 Nf6 25. Bxg6 hxg6 26. Nxd8 Rxd8 27. Bxf4 Rf8 28. Be3 Kh7 29. g3 b4 30. Qe2 c3 31. bxc3 bxc3 32. Rb1 Qa5 33. Qc4 Bxe3 34. Rxe3 Qf5 35. Qd3 Qxd3 36. Rxd3 Ne4 37. f4 Rc8 38. Rc1 Rc4 39. Rc2 a5 40. Kg2 Rb4 41. Re3 a4 42. Kf3 Rb2 43. Rexc3 Rb4 44. Re3 Nd6 45. g4 Nb5 46. Rd2 a3 47. Red3 Rc4 48. Ke3 Rc1 49. Rb3 Nc3 50. Kd3 Nb1 51. Rc2 Rf1 52. Ke2 Rh1 53. Rf3 Rh2+ 54. Rf2 Rh3 55. Rf3 Rh1 56. Rf1 1-0

[Event "SVK-chT2D 0506"]
[Site "Slovakia"]
[Date "2005.11.27"]
[Round "4.5"]
[White "Kantor, Jozef"]
[Black "Fedorko, Martin"]
[Result "0-1"]
[WhiteElo "1990"]
[BlackElo "1997"]
[PlyCount "60"]
[EventDate "2005.10.22"]
[EventType "tourn"]
[EventRounds "11"]
[EventCountry "SVK"]
[SourceTitle "EXT 2009"]
[Source "ChessBase"]
[SourceDate "2008.11.26"]
[SourceVersion "1"]
[SourceVersionDate "2008.11.26"]
[SourceQuality "1"]

1. e4 c5 2. Nf3 e6 3. d4 cxd4 4. Nxd4 Nc6 5. Be3 a6 6. Nc3 Qc7 7. Be2 Bb4 8. 0-0 Nf6 9. Nxc6 Bxc3 10. bxc3 Qxc6 11. f3 Qxc3 12. Bd4 Qc7 13. Rb1 b5 14. Rb3 Bb7 15. Qa1 Qd8 16. Bc5 Rc8 17. Qd4 d5 18. e5 Nd7 19. Ba7 Rxc2 20. Bd3 Rxa2 21. Qg4 g6 22. f4 d4 23. Rf2 Rxf2 24. Kxf2 Qc7 25. Rb2 Nc5 26. Qe2 Nxd3+ 27. Qxd3 Qc3 28. Rd2 Bd5 29. Qc2 Qe3+ 30. Kf1 Bc4+ 0-1

[Event "SVK-chT2D 0506"]
[Site "Slovakia"]
[Date "2005.11.26"]
[Round "3.5"]
[White "Pargac, Jaroslav"]
[Black "Kantor, Jozef"]
[Result "1/2-1/2"]
[WhiteElo "2016"]
[BlackElo "1990"]
[PlyCount "77"]
[EventDate "2005.10.22"]
[EventType "tourn"]
[EventRounds "11"]
[EventCountry "SVK"]
[SourceTitle "EXT 2009"]
[Source "ChessBase"]
[SourceDate "2008.11.26"]
[SourceVersion "1"]
[SourceVersionDate "2008.11.26"]
[SourceQuality "1"]

1. d4 Nf6 2. Nf3 g6 3. Bf4 d6 4. h3 Bg7 5. e3 c6 6. Nbd2 Qa5 7. Bc4 0-0 8. 0-0 Nbd7 9. c3 Nh5 10. Bh2 Re8 11. Qb3 d5 12. Be2 Nhf6 13. Qc2 c5 14. b4 cxb4 15. cxb4 Qa3 16. Rfb1 Nb6 17. Bb5 Bf5 18. Qc1 Qxc1+ 19. Rxc1 Rec8 20. Ne5 a6 21. Bf1 Na4 22. g4 Be6 23. Nd3 Nd7 24. Nc5 Naxc5 25. bxc5 f5 26. g5 Nxc5 27. Rab1 Ne4 28. Rxc8+ Rxc8 29. Nxe4 fxe4 30. Rxb7 Kf7 31. Kg2 Rc2 32. a3 Bc8 33. Ra7 Rc6 34. Rc7 Rxc7 35. Bxc7 Ke6 36. Be2 Kd7 37. Bb6 Kc6 38. Bc5 e5 39. h4 1/2-1/2